000 00320nam a2200133Ia 4500
008 191201s2004 xx 000 0 und d
082 _a677
_bGUT
100 _aGUPTA, V C
245 0 _aTextile Vision 2010
260 _aN.Delhi
_bThe Textile Association
_c2004
300 _a184
650 _aB.Tech(TE)
942 _2ddc
_cBK
999 _c3430
_d3430